[Event "Berlin Lichtenberger Sommer 2nd"]
[Site "Berlin"]
[Date "2003.08.21"]
[Round "6.65"]
[White "Duric, Rajko"]
[Black "Winter, Jan"]
[Result "1/2-1/2"]
[WhiteElo "1684"]
[BlackElo "1550"]
[PlyCount "86"]
[EventDate "2003.08.16"]
[EventType "swiss"]
[EventRounds "9"]
[EventCountry "GER"]
[SourceTitle "EXT 2022"]
[Source "ChessBase"]
[SourceDate "2021.10.06"]
[SourceVersion "1"]
[SourceVersionDate "2021.10.06"]
[SourceQuality "1"]

1. e4 e5 2. Nf3 Nc6 3. d4 exd4 4. Nxd4 Nxd4 5. Qxd4 Qe7 6. Bd3 Qb4+ 7. c3 Qxd4 8. cxd4 g6 9. f4 b6 10. 0-0 Bb7 11. Nc3 0-0-0 12. a4 Bb4 13. Na2 Bf8 14. b4 Bg7 15. Be3 Nf6 16. e5 Nd5 17. Bd2 f6 18. Rab1 Rhf8 19. Nc3 fxe5 20. Nxd5 Bxd5 21. fxe5 Rxf1+ 22. Rxf1 Rf8 23. Rxf8+ Bxf8 24. h4 d6 25. exd6 Bxd6 26. Kf2 Kd7 27. g4 Ke6 28. h5 Kf7 29. hxg6+ hxg6 30. g5 Kg7 31. Ke3 Kf7 32. Be4 Bxe4 33. Kxe4 Ke6 34. d5+ Kd7 35. b5 Kc8 36. Bf4 Kb7 37. Be5 Kc8 38. Bc3 Kd7 39. a5 Ke7 40. axb6 axb6 41. Bf6+ Kd7 42. Be5 Ke7 43. Bxd6+ cxd6 1/2-1/2

[Event "Berlin Lichtenberger Sommer 2nd"]
[Site "Berlin"]
[Date "2003.08.20"]
[Round "5.69"]
[White "Winter, Jan"]
[Black "Iljins, Alexander"]
[Result "1/2-1/2"]
[WhiteElo "1550"]
[BlackElo "1650"]
[PlyCount "66"]
[EventDate "2003.08.16"]
[EventType "swiss"]
[EventRounds "9"]
[EventCountry "GER"]
[SourceTitle "EXT 2022"]
[Source "ChessBase"]
[SourceDate "2021.10.06"]
[SourceVersion "1"]
[SourceVersionDate "2021.10.06"]
[SourceQuality "1"]

1. e4 c5 2. Nf3 Nc6 3. d4 cxd4 4. Nxd4 g6 5. c3 Bg7 6. Be3 a6 7. Bd3 d6 8. Nd2 Nf6 9. h3 0-0 10. 0-0 Qc7 11. Qc2 d5 12. f4 dxe4 13. Bxe4 Nxe4 14. Qxe4 Nxd4 15. Bxd4 Bf5 16. Qe3 Rae8 17. Bxg7 Kxg7 18. Qe5+ Qxe5 19. fxe5 Rd8 20. Nf3 Rd5 21. Rad1 Rfd8 22. Rxd5 Rxd5 23. Re1 Rd3 24. Nd4 Rd2 25. Re2 Rxe2 26. Nxe2 f6 27. exf6+ Kxf6 28. Kf2 Ke5 29. Ke3 Be6 30. a3 Bc4 31. Nd4 Bd5 32. g3 Bg2 33. h4 h5 1/2-1/2